000
00314pam a2200133 a 4500
020
_c
041
_h
082
_a
658
_b
AHM/AGA
100
_a
AHMED A.,AGARWAL G.C.,
245
_a
PROBLEMS IN MANAGEMENT
_h
Textual Documents
260
_a
BOMBAY
_b
ASIA PUBLISHING HOUSE
_c
1967
300
_a
XII+244
930
_a
6422
999
_c
125893
_d
125893